000 00759nam a2200217 a 4500
001 000007375
005 20250211105815.0
008 090908s1999 dr 001 spa d
020 _a8492184566
040 _aDO-SdBNP
082 _a338.187293
_bS227p
100 1 _aSan Miguel, Pedro L.
_920508
245 1 3 _aEl pasado relegado :
_bestudios sobre la historia agraria dominicana /
_cPedro L. San Miguel.
260 _aSanto Domingo, :
_bLa Trinitaria, Flacso, Degi-UPR,
_c1999.
300 _a304 p. ;
_c21 cm.
504 _aIncluye referencias bibliográficas
650 0 _aAgricultura -
_xAspectos económicos
_930596
650 4 _aAgricultura
_xHistoria
_zRepública Dominicana
_920510
650 4 _aCampesinos
_zRepública Dominicana
_99594
049 _aBNPD
999 _c7156
_d7156